|
|
|
|
| LEADER |
02113nam a22003733i 4500 |
| 001 |
EBC6446329 |
| 003 |
MiAaPQ |
| 005 |
20240729202203.0 |
| 006 |
m o d | |
| 007 |
cr cnu|||||||| |
| 008 |
240729s2020 xx o ||||0 eng d |
| 020 |
|
|
|a 9789179297114
|q (electronic bk.)
|
| 035 |
|
|
|a (MiAaPQ)EBC6446329
|
| 035 |
|
|
|a (Au-PeEL)EBL6446329
|
| 035 |
|
|
|a (OCoLC)1229928519
|
| 040 |
|
|
|a MiAaPQ
|b eng
|e rda
|e pn
|c MiAaPQ
|d MiAaPQ
|
| 100 |
1 |
|
|a Wasserbaur, Raphael.
|
| 245 |
1 |
0 |
|a Simulation Modelling of a Shift to Service-Based Offerings :
|b Resource Efficiency and Operational Implications in the Context of the Circular Economy.
|
| 250 |
|
|
|a 1st ed.
|
| 264 |
|
1 |
|a Linköping :
|b Linkopings Universitet,
|c 2020.
|
| 264 |
|
4 |
|c {copy}2020.
|
| 300 |
|
|
|a 1 online resource (87 pages)
|
| 336 |
|
|
|a text
|b txt
|2 rdacontent
|
| 337 |
|
|
|a computer
|b c
|2 rdamedia
|
| 338 |
|
|
|a online resource
|b cr
|2 rdacarrier
|
| 490 |
1 |
|
|a Linköping Studies in Science and Technology. Dissertations Series ;
|v v.2119
|
| 505 |
0 |
|
|a Intro -- Abstract -- Sammanfattning -- Zusammenfassung -- Acknowledgements -- Appended articles -- Contributions to the articles -- Related publications -- Definition of key terms -- List of abbreviations -- Table of contents -- 1 Introduction -- 2 Theoretical cornerstones -- 3 Research methodology -- 4 Findings and article analyses -- 5 Discussion -- 6 Conclusions and reflections -- References -- Articles.
|
| 588 |
|
|
|a Description based on publisher supplied metadata and other sources.
|
| 590 |
|
|
|a Electronic reproduction. Ann Arbor, Michigan : ProQuest Ebook Central, 2024. Available via World Wide Web. Access may be limited to ProQuest Ebook Central affiliated libraries.
|
| 655 |
|
4 |
|a Electronic books.
|
| 776 |
0 |
8 |
|i Print version:
|a Wasserbaur, Raphael
|t Simulation Modelling of a Shift to Service-Based Offerings
|d Linköping : Linkopings Universitet,c2020
|
| 797 |
2 |
|
|a ProQuest (Firm)
|
| 830 |
|
0 |
|a Linköping Studies in Science and Technology. Dissertations Series
|
| 856 |
4 |
0 |
|u https://ebookcentral.proquest.com/lib/matrademy/detail.action?docID=6446329
|z Click to View
|